[Event "TCh-RUS Women 2022"]
[Site "Sochi RUS"]
[Date "2022.05.08"]
[Round "7.2"]
[Board "3"]
[White "Voit, Daria"]
[Black "Smirnova, Ekaterina"]
[Result "0-1"]
[WhiteTitle "WGM"]
[BlackTitle "WIM"]
[WhiteElo "2350"]
[BlackElo "2182"]
[WhiteTeam "Shakhmatnaya sbornaya Moskvy"]
[BlackTeam "Moskovskaya oblast"]
[WhiteFideId "4182146"]
[BlackFideId "4110943"]
[EventDate "2022.05.01"]

1. c4 c6 2. d4 d5 3. Nf3 Nf6 4. e3 Bf5 5. Nc3 e6 6. Nh4 Bg6 7. Be2 Nbd7 8. g3
Bd6 9. O-O dxc4 10. Nxg6 hxg6 11. Bxc4 O-O 12. Qb3 Nb6 13. Be2 e5 14. dxe5 Bxe5
15. Rd1 Qe7 16. Bd2 g5 17. a4 Rad8 18. a5 Nc8 19. Na4 Ne4 20. Bb4 c5 21. Be1 Qc7
22. Bf3 c4 23. Qc2 Nf6 24. Qf5 g4 25. Bxg4 Ne7 26. Qg5 b5 27. axb6 axb6 28. Bf3
b5 29. Nc3 b4 30. Nb5 Rxd1 31. Rxd1 Qc5 32. Bxb4 Qxb4 33. Qxe5 Ng6 34. Qf5 Qxb2
35. Qc5 Ne5 36. Bg2 Nd3 37. Qxc4 Qxf2+ 38. Kh1 Nb2 39. Qf1 Nxd1 40. Qxd1 Qxe3
41. Bf3 Rb8 42. Qe2 Qc5 0-1

[Event "TCh-RUS Women 2022"]
[Site "Sochi RUS"]
[Date "2022.05.09"]
[Round "8.1"]
[Board "1"]
[White "Girya, Olga"]
[Black "Miroshnik, Ekaterina"]
[Result "1/2-1/2"]
[WhiteTitle "GM"]
[BlackTitle "WFM"]
[WhiteElo "2408"]
[BlackElo "2169"]
[WhiteTeam "Yugra (KhMAO - Yugra)"]
[BlackTeam "Zvyozdochki (Novosibirskaya oblast)"]
[WhiteFideId "4195752"]
[BlackFideId "34127698"]
[EventDate "2022.05.01"]

1. d4 Nf6 2. c4 c5 3. d5 b5 4. cxb5 a6 5. bxa6 e6 6. Nc3 exd5 7. Nxd5 Be7 8.
Nxe7 Qxe7 9. Bf4 d5 10. e3 O-O 11. Nf3 Nxa6 12. Be2 Bb7 13. O-O Rfd8 14. Bg5 h6
15. Bxf6 Qxf6 16. Qc2 d4 17. a3 Rac8 18. Rad1 Nb8 19. Rfe1 Nd7 20. e4 Nf8 21.
Bc4 Ne6 22. Bxe6 Qxe6 23. b3 Ba6 24. Nd2 c4 25. Nxc4 Bxc4 26. bxc4 Rxc4 27. Qb3
Qc6 28. h3 Rc3 29. Qb4 d3 30. Rd2 Ra8 31. Red1 Raxa3 32. Qd4 Ra4 33. Qd8+ Kh7
34. e5 Re4 35. Qe7 Qe6 36. Qxe6 fxe6 37. Rxd3 Rxd3 38. Rxd3 Rxe5 39. g3 Kg6 1/2-1/2

[Event "TCh-RUS Women 2022"]
[Site "Sochi RUS"]
[Date "2022.05.09"]
[Round "8.1"]
[Board "2"]
[White "Loskutova, Viktoriya"]
[Black "Garifullina, Leya"]
[Result "1/2-1/2"]
[WhiteTitle "WFM"]
[BlackTitle "WGM"]
[WhiteElo "2145"]
[BlackElo "2402"]
[WhiteTeam "Zvyozdochki (Novosibirskaya oblast)"]
[BlackTeam "Yugra (KhMAO - Yugra)"]
[WhiteFideId "34166278"]
[BlackFideId "34127035"]
[EventDate "2022.05.01"]

1. e4 e5 2. Nf3 Nc6 3. Bb5 a6 4. Ba4 Nf6 5. O-O Nxe4 6. d4 b5 7. Bb3 d5 8. dxe5
Be6 9. Qe2 Nc5 10. Rd1 Nxb3 11. axb3 Be7 12. c3 O-O 13. Nbd2 Qd7 14. Nf1 Rfd8
15. h3 Bf5 16. Ng3 Bg6 17. Be3 Qe8 18. Nd4 Bh4 19. Qg4 Bxg3 20. Qxg3 Nxd4 21.
Bxd4 a5 22. b4 a4 23. e6 Qxe6 24. Qxc7 Rac8 25. Qe5 Qxe5 26. Bxe5 f6 27. Bd4 Bc2
28. Re1 Re8 29. f3 Kf7 30. Kf2 Bd3 31. Rxe8 Rxe8 32. Re1 Rxe1 33. Kxe1 1/2-1/2

[Event "TCh-RUS Women 2022"]
[Site "Sochi RUS"]
[Date "2022.05.09"]
[Round "8.1"]
[Board "3"]
[White "Guseva, Marina"]
[Black "Kleymenova, Valeria"]
[Result "1-0"]
[WhiteTitle "IM"]
[WhiteElo "2365"]
[BlackElo "2209"]
[WhiteTeam "Yugra (KhMAO - Yugra)"]
[BlackTeam "Zvyozdochki (Novosibirskaya oblast)"]
[WhiteFideId "4149351"]
[BlackFideId "34219366"]
[EventDate "2022.05.01"]

1. d4 Nf6 2. c4 e6 3. Nf3 d5 4. g3 Bb4+ 5. Bd2 a5 6. Qc2 O-O 7. Bg2 c5 8. cxd5
cxd4 9. Nxd4 Qb6 10. e3 exd5 11. O-O Nc6 12. Nxc6 bxc6 13. Rc1 Rb8 14. Nc3 Be7
15. Na4 Qb5 16. Bc3 Bd7 17. Be5 Rbc8 18. Nc5 Bxc5 19. Qxc5 Ne4 20. Qxb5 cxb5 21.
f3 Ng5 22. Kf2 Rfe8 23. Bd4 Ne6 24. Bb6 Ra8 25. f4 Ra6 26. Bd4 Nxd4 27. exd4 Bg4
28. Re1 Rae6 29. Rxe6 Bxe6 30. Rc1 Rc8 31. Rxc8+ Bxc8 32. Bxd5 Kf8 33. a3 Ke7
34. Ke3 Bd7 35. b4 axb4 36. axb4 f6 37. Ke4 Kd6 38. Bg8 h6 39. Bf7 Ke7 40. Bh5
Kd6 41. Be2 f5+ 42. Ke3 Kd5 43. Kd3 Kd6 44. Bh5 Bc6 45. Bg6 Bd7 46. h4 Be6 47.
d5 Bxd5 48. Bxf5 Bf3 49. Kd4 Bg2 50. Bd3 Bc6 51. g4 Bd7 52. g5 Be8 53. Be2 Bd7
54. Ke4 Be8 55. Kd4 Bd7 56. Bd3 Be8 57. Be4 Bd7 58. Bd5 Bf5 59. Be4 Bd7 60. f5
hxg5 61. hxg5 Be8 62. Bd5 Ke7 63. Ke5 Bh5 64. Be4 Be8 65. Bd3 Bd7 66. Kd5 Be8
67. Kc5 Bd7 68. Be4 Kd8 69. Kd6 Bc8 70. Bd3 Bd7 71. f6 1-0

[Event "TCh-RUS Women 2022"]
[Site "Sochi RUS"]
[Date "2022.05.09"]
[Round "8.1"]
[Board "4"]
[White "Zhapova, Yana"]
[Black "Kovanova, Baira"]
[Result "1/2-1/2"]
[WhiteTitle "WIM"]
[BlackTitle "WGM"]
[WhiteElo "2206"]
[BlackElo "2317"]
[WhiteTeam "Zvyozdochki (Novosibirskaya oblast)"]
[BlackTeam "Yugra (KhMAO - Yugra)"]
[WhiteFideId "24278670"]
[BlackFideId "4164083"]
[EventDate "2022.05.01"]

1. e4 e5 2. Nf3 Nc6 3. Bb5 a6 4. Ba4 Nf6 5. O-O Be7 6. d3 d6 7. c3 O-O 8. h3 h6
9. Re1 b5 10. Bc2 d5 11. d4 Nxe4 12. dxe5 Bf5 13. Be3 Qd7 14. Nbd2 Rad8 15. Nxe4
Bxe4 16. Bxe4 dxe4 17. Qxd7 Rxd7 18. e6 fxe6 19. Nd2 Ne5 20. Nxe4 Nd3 21. Red1
Rfd8 22. b3 Kf7 23. Rd2 e5 24. Rad1 Nc5 1/2-1/2

[Event "TCh-RUS Women 2022"]
[Site "Sochi RUS"]
[Date "2022.05.09"]
[Round "8.2"]
[Board "1"]
[White "Lysenko, Margarita"]
[Black "Gunina, Valentina"]
[Result "0-1"]
[WhiteTitle "WFM"]
[BlackTitle "GM"]
[WhiteElo "2285"]
[BlackElo "2471"]
[WhiteTeam "Moskovskaya oblast"]
[BlackTeam "Yuzhnyy Ural - 1 (Chelyabinskaya oblast)"]
[WhiteFideId "34100200"]
[BlackFideId "4167570"]
[EventDate "2022.05.01"]

1. d4 d5 2. c4 c6 3. Nc3 Nf6 4. Nf3 dxc4 5. a4 Bf5 6. e3 e6 7. Bxc4 Bb4 8. O-O
Nbd7 9. Qe2 Bg6 10. e4 O-O 11. Bd3 Re8 12. e5 Bxd3 13. Qxd3 Nd5 14. Nxd5 cxd5
15. Ng5 Nf8 16. f4 h6 17. Nh3 Rc8 18. f5 exf5 19. Qxf5 Rc7 20. Qg4 Rc6 21. Nf4
Ng6 22. e6 Rcxe6 23. Nxe6 Rxe6 24. Bf4 Re4 25. Qf5 Ne7 26. Qh5 Qb6 27. Rad1 Qe6
28. Bg3 Nc6 29. Be5 Nxe5 30. dxe5 Rxe5 31. Qf3 h5 32. Kh1 Bc5 33. Qg3 Be3 34.
Qf3 h4 35. Rd3 f5 36. Qh5 f4 37. Qxh4 g5 38. Qh5 d4 39. Qf3 Rd5 40. g4 Rd7 41.
Rfd1 Rc7 42. Re1 Qd7 43. Qe4 Qc6 44. Qxc6 Rxc6 45. Kg2 Rc2+ 46. Kf3 Rxh2 47. Ke4
Rxb2 48. Rh1 Kg7 49. Rh5 Kg6 50. Rh8 Rb6 51. Rg8+ Kf6 52. Rf8+ Ke7 53. Rf5 Rb1
54. Rb5 Rxb5 55. axb5 Kd6 56. Ra3 Kc7 57. Rxa7 d3 58. Ra1 d2 59. Kd3 Kd6 60. Rb1
Kd5 61. Rh1 Kc5 62. Rb1 b6 63. Kc3 Kd5 64. Kd3 Ke5 65. Rh1 Bc5 66. Kxd2 Ke4 67.
Ke2 f3+ 68. Kf1 Kf4 69. Rh6 Kxg4 70. Rc6 Be3 71. Re6 Kf4 72. Rf6+ Ke4 73. Re6+
Kd3 74. Rf6 f2 75. Re6 Bc5 76. Rg6 Kc4 77. Rxg5 Kxb5 78. Rg4 Kc6 79. Ke2 Kd5 80.
Rf4 Ke5 81. Rh4 Bd4 82. Rh5+ Ke4 83. Rg5 Be3 84. Rg3 Bd4 85. Rg5 Bc5 86. Rg4+
Kd5 87. Rf4 b5 88. Rg4 Bd4 89. Rg8 Kc4 90. Rc8+ Bc5 91. Rb8 b4 92. Rb7 b3 93.
Rb8 Kc3 94. Rc8 b2 95. Rxc5+ Kb4 96. Rf5 b1=Q 97. Rxf2 Qe4+ 98. Kd2 Kc4 99. Re2
Qf3 100. Re3 Qd5+ 101. Ke2 Qg2+ 102. Ke1 Kd4 103. Rb3 Qh1+ 104. Ke2 Qh5+ 105.
Kd2 Qa5+ 106. Kc1 Qa1+ 107. Kc2 Qa2+ 108. Rb2 Qa4+ 109. Kd2 Qa3 110. Rc2 Qe3+
111. Kd1 Qg1+ 112. Ke2 Qg2+ 113. Kd1 Qf1+ 114. Kd2 Qb1 115. Rc8 Qd3+ 116. Kc1
Qa3+ 117. Kc2 Qa5 118. Rh8 Qf5+ 119. Kd2 Qf6 120. Rc8 Qg5+ 121. Ke1 Kd3 122. Rf8
Qg1+ 0-1

[Event "TCh-RUS Women 2022"]
[Site "Sochi RUS"]
[Date "2022.05.09"]
[Round "8.2"]
[Board "2"]
[White "Badelka, Olga"]
[Black "Sudakova, Irina"]
[Result "1-0"]
[WhiteTitle "IM"]
[BlackTitle "WGM"]
[WhiteElo "2453"]
[BlackElo "2287"]
[WhiteTeam "Yuzhnyy Ural - 1 (Chelyabinskaya oblast)"]
[BlackTeam "Moskovskaya oblast"]
[WhiteFideId "13509926"]
[BlackFideId "4129903"]
[EventDate "2022.05.01"]

1. d4 Nf6 2. c4 e6 3. Nc3 Bb4 4. e3 O-O 5. Bd3 c5 6. Ne2 d5 7. cxd5 cxd4 8. exd4
exd5 9. O-O h6 10. Bc2 Re8 11. Bf4 Bf8 12. Qd3 Nc6 13. a3 g6 14. Qd2 Kh7 15. Nb5
Nh5 16. Ng3 Nxf4 17. Qxf4 Be6 18. Rfe1 Qg5 19. Qxg5 hxg5 20. Nc7 Nxd4 21. Bd3
Nb3 22. Rad1 Bg7 23. Nxe8 Rxe8 24. Re3 Nd4 25. Bb1 Rd8 26. h3 Nc6 27. Re2 g4 28.
h4 Kh6 29. Ba2 Bf6 30. Red2 d4 31. Bxe6 fxe6 32. Re2 e5 33. Re4 Bxh4 34. Rxg4
Bxg3 35. Rxg3 g5 36. Rg4 Kg6 37. Re4 Kf5 38. f3 Rd5 39. Kf2 Rc5 40. g4+ Ke6 41.
Rd2 a5 42. Re1 Kd6 43. Rh1 Nd8 44. Rh7 b6 45. Ke2 Ne6 46. Kd1 Rb5 47. Kc2 a4 48.
Rdh2 Nc5 49. Rg7 Kd5 50. Rxg5 d3+ 51. Kd1 Kd4 52. Rg8 Nb3 53. Rc8 Ke3 54. Rc3
Rd5 55. g5 Rd7 56. g6 Rg7 57. Re2+ Kf4 58. Rxd3 Rxg6 59. Re4+ Kf5 60. Rd5 Rg1+
61. Re1 Rxe1+ 62. Kxe1 Kf4 63. Kf2 Nc5 64. Ke2 e4 65. fxe4 Kxe4 66. Rd6 b5 67.
Kd2 Ke5 68. Rb6 Kd4 69. Rxb5 Nb3+ 70. Kc2 Na1+ 71. Kb1 Nb3 72. Rb4+ 1-0

[Event "TCh-RUS Women 2022"]
[Site "Sochi RUS"]
[Date "2022.05.09"]
[Round "8.2"]
[Board "3"]
[White "Smirnova, Ekaterina"]
[Black "Maltsevskaya, Aleksandra"]
[Result "0-1"]
[WhiteTitle "WIM"]
[BlackTitle "IM"]
[WhiteElo "2182"]
[BlackElo "2396"]
[WhiteTeam "Moskovskaya oblast"]
[BlackTeam "Yuzhnyy Ural - 1 (Chelyabinskaya oblast)"]
[WhiteFideId "4110943"]
[BlackFideId "24174041"]
[EventDate "2022.05.01"]

1. d4 Nf6 2. Bg5 Ne4 3. Bf4 d5 4. e3 c5 5. Nd2 Qb6 6. Nxe4 dxe4 7. Ne2 e5 8.
dxe5 Qxb2 9. Rb1 Qa3 10. Qd2 c4 11. c3 a6 12. Ng3 Be7 13. Nxe4 Bf5 14. f3 b5 15.
Be2 O-O 16. O-O Nc6 17. Qc2 Bg6 18. Bg3 Qc5 19. Nxc5 Bxc2 20. Rbc1 Bxc5 21. Rxc2
Bxe3+ 22. Kh1 Rad8 23. f4 Rd2 24. Rxd2 Bxd2 25. Rf3 b4 26. cxb4 c3 27. Bd1 Nxb4
28. f5 Re8 29. h4 c2 30. Bxc2 Nxc2 31. Rd3 Be1 32. Bxe1 Nxe1 33. Rd6 h5 34. e6
fxe6 35. fxe6 a5 36. Kg1 Nc2 37. Kf2 a4 38. Kg3 Nb4 39. Kf4 Nxa2 40. Kf5 Kf8 41.
Rd7 Nb4 42. Rf7+ Kg8 43. Ra7 Nd5 44. Rxa4 Kh7 45. g3 Ne3+ 46. Ke5 Kg6 47. Re4
Ng4+ 48. Kd6 Ra8 49. Re1 Nf6 50. Re5 Ra3 51. Rg5+ Kh7 52. Ke7 Kg8 53. Rb5 Ra7+
54. Kd6 Kf8 55. Ke5 Ke7 56. Kf5 Ne8 57. Kg6 Ra3 58. Kxh5 Rxg3 59. Rb7+ Kd6 60.
Rd7+ Ke5 0-1

[Event "TCh-RUS Women 2022"]
[Site "Sochi RUS"]
[Date "2022.05.09"]
[Round "8.2"]
[Board "4"]
[White "Solozhenkina, Elizaveta"]
[Black "Usacheva, Glafira"]
[Result "1-0"]
[WhiteTitle "WGM"]
[WhiteElo "2283"]
[BlackElo "1841"]
[WhiteTeam "Yuzhnyy Ural - 1 (Chelyabinskaya oblast)"]
[BlackTeam "Moskovskaya oblast"]
[WhiteFideId "34106615"]
[BlackFideId "34119741"]
[EventDate "2022.05.01"]

1. e4 c5 2. Nf3 e6 3. c3 d5 4. exd5 Qxd5 5. d4 Nf6 6. Na3 Nc6 7. Nb5 Qd7 8. dxc5
Bxc5 9. Qxd7+ Kxd7 10. Bg5 a6 11. Rd1+ Ke7 12. Nbd4 Nxd4 13. Nxd4 Rd8 14. Be2
Bxd4 15. cxd4 b5 16. Bf3 Ra7 17. d5 Rad7 18. Rc1 Bb7 19. dxe6 fxe6 20. Bxb7 Rxb7
21. O-O Rd5 22. Be3 Rbd7 23. Rfe1 a5 24. h3 g5 25. Rc6 Ne4 26. Kh2 Nd6 27. a3
Kf7 28. b4 Nc4 29. Bc5 a4 30. Rcxe6 Nxa3 31. Re8 Nc4 32. Rf8+ Kg7 33. Ree8 a3
34. Ra8 Rf7 35. Rg8+ Kf6 36. g4 h6 37. Rgb8 Ke5 38. Kg2 Ke4 39. Rxb5 Kd3 40.
Rbb8 Kc2 41. Ra6 Kb3 42. Rba8 Rh7 43. Bf8 Rb5 44. Bc5 Rd7 45. Kh2 Rd2 46. R6a7
Rd3 47. Kg2 Kb2 48. Bf8 Nb6 49. Bg7+ Ka2 50. Rb8 Rxb4 51. Rab7 Rdb3 52. Bxh6 Kb1
53. Bxg5 a2 54. Bf6 a1=Q 55. Bxa1 Kxa1 56. g5 Rb5 57. h4 Kb2 58. g6 R3b4 59. Kg3
Rb3+ 60. f3 1-0

[Event "TCh-RUS Women 2022"]
[Site "Sochi RUS"]
[Date "2022.05.10"]
[Round "9.1"]
[Board "1"]
[White "Bodnaruk, Anastasia"]
[Black "Pogonina, Natalija"]
[Result "1-0"]
[WhiteTitle "IM"]
[BlackTitle "WGM"]
[WhiteElo "2396"]
[BlackElo "2472"]
[WhiteTeam "SShOR po shakhmatam i shashkam - 1 (g. Sankt-"]
[BlackTeam "Yugra (KhMAO - Yugra)"]
[WhiteFideId "4181751"]
[BlackFideId "4147855"]
[EventDate "2022.05.01"]

1. e4 e5 2. Nf3 Nc6 3. Bb5 a6 4. Ba4 Nf6 5. O-O Be7 6. Re1 b5 7. Bb3 d6 8. c3
O-O 9. h3 Bb7 10. d4 Re8 11. d5 Na5 12. Bc2 c6 13. dxc6 Bxc6 14. Nbd2 h6 15. b4
Nb7 16. a4 Bf8 17. c4 Qc7 18. Bb2 bxc4 19. Nxc4 a5 20. b5 Bd7 21. Ne3 Nc5 22.
Nd5 Nxd5 23. exd5 Be7 24. Nd2 f5 25. Nc4 Nb7 26. Ne3 Rf8 27. g4 fxg4 28. Qd3 Rf6
29. Qh7+ Kf7 30. Rac1 Qd8 31. Bb3 Rg6 32. Bc2 Rf6 33. Nxg4 Bxg4 34. hxg4 Qh8 35.
Qxh8 Rxh8 36. Bf5 Nc5 37. Rxc5 dxc5 38. Bxe5 Bd6 39. Bxf6 gxf6 40. Re6 Rd8 41.
b6 Bb8 42. Rc6 Bd6 43. b7 Ke7 44. Kf1 Rf8 45. Bc8 Bb8 46. d6+ Kf7 47. Rc7+ Kg6
48. Bf5+ 1-0

[Event "TCh-RUS Women 2022"]
[Site "Sochi RUS"]
[Date "2022.05.10"]
[Round "9.1"]
[Board "2"]
[White "Girya, Olga"]
[Black "Getman, Tatyana"]
[Result "1/2-1/2"]
[WhiteTitle "GM"]
[BlackTitle "WFM"]
[WhiteElo "2408"]
[BlackElo "2146"]
[WhiteTeam "Yugra (KhMAO - Yugra)"]
[BlackTeam "SShOR po shakhmatam i shashkam - 1 (g. Sankt-"]
[WhiteFideId "4195752"]
[BlackFideId "34166146"]
[EventDate "2022.05.01"]

1. d4 Nf6 2. c4 e6 3. Nf3 d5 4. Nc3 dxc4 5. Bg5 a6 6. a4 Nc6 7. e3 Na5 8. Nd2 c5
9. dxc5 Bxc5 10. Nxc4 Qxd1+ 11. Rxd1 Nxc4 12. Bxc4 Bd7 13. O-O Bb4 14. Na2 Be7
15. Nc3 Bb4 16. Na2 Be7 17. Nc3 Bb4 18. Na2 Be7 1/2-1/2

[Event "TCh-RUS Women 2022"]
[Site "Sochi RUS"]
[Date "2022.05.10"]
[Round "9.1"]
[Board "3"]
[White "Styazhkina, Anna"]
[Black "Garifullina, Leya"]
[Result "0-1"]
[WhiteTitle "WIM"]
[BlackTitle "WGM"]
[WhiteElo "2179"]
[BlackElo "2402"]
[WhiteTeam "SShOR po shakhmatam i shashkam - 1 (g. Sankt-"]
[BlackTeam "Yugra (KhMAO - Yugra)"]
[WhiteFideId "24119300"]
[BlackFideId "34127035"]
[EventDate "2022.05.01"]

1. e4 c5 2. Nf3 d6 3. d4 cxd4 4. Nxd4 Nf6 5. Nc3 a6 6. f3 e5 7. Nb3 Be6 8. Be3
h5 9. Qd2 Nbd7 10. O-O-O Be7 11. Bg5 Rc8 12. Kb1 b5 13. a3 Qb6 14. h4 O-O 15. g4
hxg4 16. fxg4 Bxg4 17. Be2 Bxe2 18. Qxe2 Rxc3 19. bxc3 Qc6 20. Rh3 Re8 21. Re1
d5 22. exd5 Nxd5 23. Bxe7 Rxe7 24. Qd2 N7f6 25. Qg5 Re6 26. Kb2 Nf4 27. Rg3 N6h5
28. Rge3 f6 29. Qg4 Rd6 30. Nc1 Rd2 31. Rg1 a5 32. Ne2 b4 33. axb4 axb4 34. Nxf4
exf4 35. Rf3 Qe4 36. Rd3 Qxd3 37. Qc8+ Kh7 38. cxb4 Ng3 39. Re1 Ne2 40. Qc5 Qe4
41. b5 f3 0-1

[Event "TCh-RUS Women 2022"]
[Site "Sochi RUS"]
[Date "2022.05.10"]
[Round "9.1"]
[Board "4"]
[White "Guseva, Marina"]
[Black "Yurasova, Daria"]
[Result "1-0"]
[WhiteTitle "IM"]
[BlackTitle "WFM"]
[WhiteElo "2365"]
[BlackElo "2075"]
[WhiteTeam "Yugra (KhMAO - Yugra)"]
[BlackTeam "SShOR po shakhmatam i shashkam - 1 (g. Sankt-"]
[WhiteFideId "4149351"]
[BlackFideId "34146919"]
[EventDate "2022.05.01"]

1. d4 d5 2. c4 dxc4 3. Nf3 Nf6 4. e3 e6 5. Bxc4 c5 6. O-O Be7 7. Qe2 cxd4 8.
exd4 O-O 9. Nc3 Nbd7 10. Rd1 Nb6 11. Bb3 Nbd5 12. Bg5 h6 13. Bh4 Re8 14. Ne5
Nxc3 15. bxc3 Nd5 16. Qf3 Rf8 17. Bxd5 Bxh4 18. Bxb7 Bxb7 19. Qxb7 Qc8 20. Qf3
Qc7 21. Rac1 Rac8 22. c4 Bf6 23. Ng4 Bg5 24. Rc2 Rfd8 25. Qe2 Qb6 26. c5 Qc7 27.
g3 h5 28. Ne5 Bf6 29. Qxh5 g6 30. Qe2 Bxe5 31. dxe5 Rxd1+ 32. Qxd1 Qxe5 33. c6
Qd5 34. Qc1 Rc7 35. h4 Kh7 36. Kh2 a5 37. Qf4 e5 38. Qf6 e4 39. a3 a4 40. Rc3 e3
41. Rxe3 Rxc6 42. Qf3 Qxf3 43. Rxf3 Kg7 44. Rf4 Ra6 45. Kg2 f6 46. Kf3 Kf7 47.
Ke3 Ke6 48. Kd3 Kd5 49. Rg4 f5 50. Rf4 Ke5 51. Kc3 Ra5 52. Rb4 Ra6 53. Kd3 Kd5
54. Ke3 Ke5 55. Rb5+ Kf6 56. Kf4 Rc6 57. Rb4 Ra6 58. Rc4 Ke6 59. Kg5 Kd5 60. Rb4
Kc5 61. h5 gxh5 62. Kxh5 Kd6 63. Kg5 Ra5 64. Kf6 Ra8 65. Kxf5 Rf8+ 66. Kg6 Rxf2
67. g4 Ke7 68. g5 Rg2 69. Rxa4 Ke6 70. Ra5 Rg3 71. Kg7 Rg1 72. g6 Rh1 73. Ra6+
Kf5 74. Kf7 Rb1 75. Ra5+ Ke4 76. g7 Rf1+ 77. Kg6 1-0

[Event "TCh-RUS Women 2022"]
[Site "Sochi RUS"]
[Date "2022.05.10"]
[Round "9.2"]
[Board "1"]
[White "Charochkina, Daria"]
[Black "Badelka, Olga"]
[Result "1/2-1/2"]
[WhiteTitle "IM"]
[BlackTitle "IM"]
[WhiteElo "2337"]
[BlackElo "2453"]
[WhiteTeam "Yuzhnyy Ural - 2 (Chelyabinskaya oblast)"]
[BlackTeam "Yuzhnyy Ural - 1 (Chelyabinskaya oblast)"]
[WhiteFideId "4180917"]
[BlackFideId "13509926"]
[EventDate "2022.05.01"]

1. d4 Nf6 2. Nc3 d5 3. Bf4 c5 4. e3 cxd4 5. exd4 Bg4 6. f3 Bd7 7. Nb5 Bxb5 8.
Bxb5+ Nc6 9. c3 e6 10. Be3 Bd6 11. f4 Qc7 12. g3 O-O 13. Nf3 Na5 14. Bd3 Nc4 15.
Bc1 b5 16. O-O b4 17. b3 Na5 18. cxb4 Bxb4 19. f5 Bc3 20. Bf4 Qb6 21. Rc1 Bxd4+
22. Kh1 e5 23. Nxe5 Be3 24. Bxe3 Qxe3 25. Qe1 Qb6 26. Qf2 d4 27. Qf3 Rac8 28.
Nc4 Nxc4 29. Bxc4 Rce8 30. Rfe1 h5 31. h3 Qb4 32. Qd1 Qb7+ 33. Kh2 Rxe1 34. Qxe1
Re8 35. Qd2 Qe4 36. Rd1 h4 37. Qxd4 Qf3 38. Rg1 Ne4 39. gxh4 Qf4+ 40. Kg2 Qg3+
41. Kf1 Qxh3+ 42. Rg2 Qxf5+ 43. Kg1 Nf6 44. Qf2 Qe5 45. Qg3 Qc5+ 46. Kh2 Nh5 47.
Qg5 Qd6+ 48. Kh1 Re5 49. Qd2 Qf6 50. Rg5 Qf3+ 51. Kh2 Re3 52. Bxf7+ Kxf7 53.
Qd7+ Kg8 54. Qc8+ Kh7 55. Qc2+ Kh8 56. Qc8+ Kh7 57. Qc2+ 1/2-1/2

[Event "TCh-RUS Women 2022"]
[Site "Sochi RUS"]
[Date "2022.05.10"]
[Round "9.2"]
[Board "2"]
[White "Maltsevskaya, Aleksandra"]
[Black "Nasybullina, Dayana"]
[Result "1-0"]
[WhiteTitle "IM"]
[WhiteElo "2396"]
[BlackElo "2005"]
[WhiteTeam "Yuzhnyy Ural - 1 (Chelyabinskaya oblast)"]
[BlackTeam "Yuzhnyy Ural - 2 (Chelyabinskaya oblast)"]
[WhiteFideId "24174041"]
[BlackFideId "34127280"]
[EventDate "2022.05.01"]

1. Nf3 d6 2. d4 Nf6 3. Nc3 Bg4 4. e4 Nbd7 5. e5 dxe5 6. dxe5 Bxf3 7. Qxf3 Nxe5
8. Qxb7 e6 9. Bb5+ Nfd7 10. Bf4 Rb8 11. Qxa7 c6 12. Bxe5 Nxe5 13. Rd1 Qc8 14.
Ba4 Bb4 15. Qd4 Qc7 16. O-O O-O 17. Rfe1 Rfd8 18. Qf4 Qa5 19. h3 Rxd1 20. Rxd1
Bxc3 21. bxc3 Qxc3 22. Bxc6 Qxc2 23. Ba4 Qb2 24. Bb3 h6 25. Re1 Rb5 26. Qe4 Qc3
27. Re2 Nd3 28. Qa4 Rf5 29. Bc2 g6 30. Re3 Rd5 31. Rf3 Kg7 32. Qa7 Qe1+ 33. Kh2
Ne5 34. Rg3 Rd2 35. Qa5 Qe2 36. Be4 Nc4 37. Qc3+ Kh7 38. Qf6 Qxf2 39. Bxg6+ 1-0

[Event "TCh-RUS Women 2022"]
[Site "Sochi RUS"]
[Date "2022.05.10"]
[Round "9.2"]
[Board "3"]
[White "Filippova, Darya"]
[Black "Goltseva, Ekaterina"]
[Result "0-1"]
[WhiteTitle "WFM"]
[BlackTitle "FM"]
[WhiteElo "1961"]
[BlackElo "2291"]
[WhiteTeam "Yuzhnyy Ural - 2 (Chelyabinskaya oblast)"]
[BlackTeam "Yuzhnyy Ural - 1 (Chelyabinskaya oblast)"]
[WhiteFideId "24173738"]
[BlackFideId "24173770"]
[EventDate "2022.05.01"]

1. d4 Nf6 2. c4 e6 3. Nf3 b6 4. g3 Ba6 5. Qc2 Bb7 6. Bg2 Bb4+ 7. Bd2 Bxd2+ 8.
Qxd2 O-O 9. O-O d5 10. Nc3 dxc4 11. Rfe1 Na6 12. e4 Nb4 13. Qe2 a6 14. e5 Nfd5
15. Ne4 Nd3 16. Red1 b5 17. b3 Nb6 18. bxc4 Bxe4 19. Qxe4 bxc4 20. Qg4 Rb8 21.
Ng5 h6 22. Ne4 Nd5 23. Bf1 Nb2 24. Rdc1 Kh8 25. Bxc4 Nxc4 26. Rxc4 Nb6 27. Rc5
Qxd4 28. Rd1 Qa4 29. Qe2 Nd5 30. Rdc1 Qd4 31. Qf3 Rb2 32. R5c4 Qxe5 33. Nc5 Qd6
34. Rh4 Rb5 35. Ne4 Qe5 36. Nc5 Qd6 37. Ne4 Qe7 38. Rc6 Rb6 39. Rc4 a5 40. Nc3
c6 41. Ra4 Rb4 42. Nxd5 exd5 43. Qc3 Qxh4 44. gxh4 Rxa4 45. Qxc6 Rxa2 46. Qxd5
Ra4 47. Qb5 Rg4+ 48. Kf1 a4 49. Qd7 Rb4 50. Qe7 Rbb8 51. f4 f5 52. Qa3 Ra8 53.
Kf2 Rfb8 54. Ke2 Rb3 55. Qc5 a3 56. Qd5 Rbb8 57. Kd3 0-1

[Event "TCh-RUS Women 2022"]
[Site "Sochi RUS"]
[Date "2022.05.10"]
[Round "9.2"]
[Board "4"]
[White "Solozhenkina, Elizaveta"]
[Black "Vanishvili, Mari"]
[Result "1-0"]
[WhiteTitle "WGM"]
[WhiteElo "2283"]
[BlackElo "1918"]
[WhiteTeam "Yuzhnyy Ural - 1 (Chelyabinskaya oblast)"]
[BlackTeam "Yuzhnyy Ural - 2 (Chelyabinskaya oblast)"]
[WhiteFideId "34106615"]
[BlackFideId "24111201"]
[EventDate "2022.05.01"]

1. e4 c6 2. d4 d5 3. Nc3 dxe4 4. Nxe4 Nf6 5. Nxf6+ exf6 6. Be3 Bd6 7. Bd3 O-O 8.
Ne2 Re8 9. O-O Nd7 10. c4 Nf8 11. Ng3 g6 12. Qd2 f5 13. Rae1 Bd7 14. Ne2 Ne6 15.
Kh1 a5 16. a3 a4 17. f3 Qc7 18. c5 Bf8 19. Bc4 Qd8 20. Nc3 Bg7 21. d5 cxd5 22.
Nxd5 Bc6 23. Rd1 Qa5 24. Qf2 Rad8 25. Nf4 Nxf4 26. Bxf4 Rxd1 27. Rxd1 Rd8 28.
Bd6 Re8 29. h3 Qd8 30. Rd2 Qf6 31. Bf4 g5 32. Bd6 g4 33. fxg4 Qh6 34. Kh2 Rd8
35. Bf4 Rxd2 36. Qxd2 Qf6 37. gxf5 Qxf5 38. Qd8+ Bf8 39. Bd6 Kg7 40. Qxf8+ Kf6
41. Qxf7+ Kg5 42. h4+ 1-0